[Event "SRB-chT 1st League"]
[Site "Bajina Basta"]
[Date "2020.10.12"]
[Round "3.3"]
[White "Budisavljevic, Luka"]
[Black "Ristic, Nebojsa B"]
[Result "1-0"]
[WhiteElo "2454"]
[BlackElo "2312"]
[PlyCount "129"]
[EventDate "2020.10.10"]
[EventType "team-tourn"]
[EventRounds "11"]
[EventCountry "SRB"]
[SourceTitle "CBM 198 Extra"]
[Source "ChessBase"]
[SourceDate "2020.11.30"]
[SourceVersion "1"]
[SourceVersionDate "2020.11.30"]
[SourceQuality "1"]
[WhiteTeam "Kostolac Rudar"]
[BlackTeam "Surdulica Radnik"]
[WhiteTeamCountry "SRB"]
[BlackTeamCountry "SRB"]

1. d4 Nf6 2. c4 c5 3. d5 b5 4. cxb5 a6 5. bxa6 Bxa6 6. Nc3 d6 7. e4 Bxf1 8. Kxf1 g6 9. Nf3 Bg7 10. g3 0-0 11. Kg2 Nbd7 12. a4 Ng4 13. Qe2 Nge5 14. Nd2 f5 15. f4 Ng4 16. exf5 gxf5 17. Nf3 h6 18. Nh4 Bxc3 19. bxc3 Nb6 20. Nxf5 Nf6 21. Nxh6+ Kh7 22. Nf5 Nbxd5 23. c4 Qd7 24. Nh4 Nb4 25. Nf3 Rxa4 26. Rxa4 Qxa4 27. Qxe7+ Kg8 28. Qe6+ Kg7 29. Qxd6 Qc2+ 30. Qd2 Qxc4 31. Re1 Nd3 32. Re7+ Kg8 33. Bb2 Ne4 34. Rg7+ Kh8 35. Rd7+ Nxb2 36. Qxb2+ Nc3 37. Qc2 Qe2+ 38. Qxe2 Nxe2 39. Rc7 Rf5 40. Ne5 Kg8 41. Rxc5 Nxf4+ 42. gxf4 Rxf4 43. Kg3 Ra4 44. Rc7 Rb4 45. h4 Re4 46. Ng4 Rb4 47. Nf6+ Kf8 48. Nd5 Rd4 49. Nf4 Ra4 50. Kg4 Kg8 51. Rd7 Rb4 52. Kg5 Rb5+ 53. Nd5 Rb1 54. Nf6+ Kf8 55. Nh7+ Kg8 56. Kg6 Rg1+ 57. Ng5 Kf8 58. h5 Ke8 59. Ra7 Rb1 60. h6 Rb6+ 61. Kg7 Rb5 62. Nh7 Kd8 63. Nf6 Rg5+ 64. Kf7 Ra5 65. Rxa5 1-0

[Event "SRB-chT 2nd League East"]
[Site "Knic"]
[Date "2019.09.08"]
[Round "5.1"]
[White "Ristic, Nebojsa B"]
[Black "Zivkovic, Nemanja"]
[Result "1/2-1/2"]
[WhiteElo "2306"]
[BlackElo "2281"]
[PlyCount "115"]
[EventDate "2019.09.06"]
[EventType "team-tourn"]
[EventRounds "11"]
[EventCountry "SRB"]
[SourceTitle "EXT 2020"]
[Source "ChessBase"]
[SourceDate "2019.10.17"]
[SourceVersion "1"]
[SourceVersionDate "2019.10.17"]
[SourceQuality "1"]
[WhiteTeam "Surdulica Radnik"]
[BlackTeam "Leskovac Glubocica"]
[WhiteTeamCountry "SRB"]
[BlackTeamCountry "SRB"]

1. d4 Nf6 2. Bf4 e6 3. e3 c5 4. Nf3 cxd4 5. exd4 b6 6. Nbd2 Bb7 7. Bd3 d6 8. 0-0 Be7 9. h3 0-0 10. Re1 Re8 11. Bh2 Nbd7 12. a4 a6 13. a5 b5 14. c4 Bc6 15. Qe2 bxc4 16. Nxc4 Qb8 17. Ra3 Ra7 18. Ng5 Bf8 19. Qc2 g6 20. Rb3 Qa8 21. Nb6 Nxb6 22. axb6 Rd7 23. Ra1 Rc8 24. Rxa6 Qb8 25. Rc3 Bb7 26. Ra7 Rxc3 27. bxc3 Bc6 28. Ra6 Rb7 29. Qb3 h6 30. Nxe6 fxe6 31. Qxe6+ Kg7 32. Bf4 Qd8 33. Ra7 Bd5 34. Qe3 g5 35. Bxg5 hxg5 36. Qxg5+ Kf7 37. Bc4 Bxc4 38. Rxb7+ Be7 39. h4 Bd5 40. Rc7 Qb8 41. c4 Qxb6 42. Rxe7+ Kxe7 43. cxd5 Qxd4 44. g3 Qd1+ 45. Kh2 Kf7 46. Qf5 Qxd5 47. Qxd5+ Nxd5 48. g4 Kf6 49. Kg3 Ke5 50. h5 Nf4 51. h6 Ng6 52. Kf3 d5 53. Ke3 d4+ 54. Kd3 Nf4+ 55. Kd2 Kf6 56. g5+ Kg6 57. f3 Kh7 58. Kc2 1/2-1/2

[Event "SRB-chT 2nd League East"]
[Site "Knic"]
[Date "2019.09.07"]
[Round "2.1"]
[White "Petrovic, Dragan R"]
[Black "Ristic, Nebojsa B"]
[Result "0-1"]
[WhiteElo "2190"]
[BlackElo "2306"]
[PlyCount "116"]
[EventDate "2019.09.06"]
[EventType "team-tourn"]
[EventRounds "11"]
[EventCountry "SRB"]
[SourceTitle "EXT 2020"]
[Source "ChessBase"]
[SourceDate "2019.10.17"]
[SourceVersion "1"]
[SourceVersionDate "2019.10.17"]
[SourceQuality "1"]
[WhiteTeam "Aleksinac"]
[BlackTeam "Surdulica Radnik"]
[WhiteTeamCountry "SRB"]
[BlackTeamCountry "SRB"]

1. e4 d6 2. d4 g6 3. Nc3 Bg7 4. Be3 a6 5. Qd2 b5 6. f3 Nd7 7. a3 Bb7 8. Nge2 Nb6 9. Ng3 h5 10. Bd3 Nf6 11. 0-0 Rc8 12. b4 Nfd7 13. Nce2 c5 14. c3 cxd4 15. cxd4 Nc4 16. Bxc4 Rxc4 17. a4 bxa4 18. Rxa4 Nb6 19. Ra2 d5 20. e5 e6 21. Nf4 Rc8 22. Nd3 Nc4 23. Qe2 Qb6 24. Rfa1 Ra8 25. Nc5 Qxb4 26. Qd3 Nxe3 27. Qxe3 Bc8 28. Ne2 0-0 29. Nc3 Qb6 30. Rb1 Qc6 31. N3a4 a5 32. Rb6 Qe8 33. Rd6 Rb8 34. Nc3 Ra8 35. Qd3 Qe7 36. Rb2 Rd8 37. Rxd8+ Qxd8 38. N3a4 Qg5 39. Rb1 Bh6 40. Kf2 Qd2+ 41. Qxd2 Bxd2 42. Rb6 Bb4 43. Ke3 Kf8 44. g4 Ke8 45. gxh5 gxh5 46. Rd6 Ra7 47. Rb6 Ra8 48. Rd6 Ra7 49. Rb6 Bd7 50. Rb8+ Ke7 51. Nb6 Bxc5 52. dxc5 Rc7 53. Kd4 a4 54. Ra8 Rb7 55. f4 Bc6 56. Nc8+ Kd7 57. Nb6+ Rxb6 58. cxb6 Bxa8 0-1

[Event "SRB-chT3 South"]
[Site "Serbia"]
[Date "2017.10.15"]
[Round "11.4"]
[White "Ristic, Nebojsa B"]
[Black "Mitrovic, Darko R"]
[Result "1-0"]
[WhiteElo "2308"]
[BlackElo "2189"]
[PlyCount "101"]
[EventDate "2017.09.03"]
[EventType "team-tourn"]
[EventRounds "11"]
[EventCountry "SRB"]
[SourceTitle "EXT 2022"]
[Source "ChessBase"]
[SourceDate "2021.10.06"]
[SourceVersion "1"]
[SourceVersionDate "2021.10.06"]
[SourceQuality "1"]

1. d4 Nf6 2. Nf3 e6 3. Bf4 b6 4. e3 Bb7 5. Nbd2 c5 6. Nc4 d5 7. Nce5 Be7 8. Bb5+ Nfd7 9. Nxd7 Nxd7 10. Ne5 0-0 11. Nxd7 a6 12. Nxf8 axb5 13. Nxe6 fxe6 14. Qg4 Qd7 15. Be5 Bf8 16. 0-0 b4 17. f4 g6 18. h4 Qf7 19. h5 Qf5 20. Qxf5 gxf5 21. Kf2 c4 22. g4 fxg4 23. Rg1 Kf7 24. Kg3 Ba6 25. Rge1 Bb5 26. Kxg4 Ba4 27. Re2 Bb5 28. Rg2 b3 29. a3 bxc2 30. Rxc2 Ba4 31. Rg2 c3 32. bxc3 Rc8 33. Rc1 b5 34. Kf3 Bb3 35. Ke2 Ra8 36. Ra1 Bc2 37. Kd2 Be4 38. Rg3 b4 39. cxb4 Bxb4+ 40. Ke2 Bf8 41. a4 Rc8 42. Ra2 Rc1 43. Rb2 Rh1 44. Rb7+ Ke8 45. Rb8+ Kf7 46. Kd2 Rxh5 47. Rb7+ Ke8 48. Rg8 Rh2+ 49. Kc3 Rc2+ 50. Kb3 Rc8 51. Bd6 1-0

[Event "SRB-chT3 South"]
[Site "Serbia"]
[Date "2017.10.14"]
[Round "9.4"]
[White "Ristic, Nebojsa B"]
[Black "Petrovic, Dragan R"]
[Result "1-0"]
[WhiteElo "2308"]
[BlackElo "2262"]
[PlyCount "75"]
[EventDate "2017.09.03"]
[EventType "team-tourn"]
[EventRounds "11"]
[EventCountry "SRB"]
[SourceTitle "EXT 2022"]
[Source "ChessBase"]
[SourceDate "2021.10.06"]
[SourceVersion "1"]
[SourceVersionDate "2021.10.06"]
[SourceQuality "1"]

1. d4 Nf6 2. Nf3 g6 3. Bf4 Bg7 4. e3 0-0 5. h3 d6 6. c3 Nbd7 7. Nbd2 b6 8. Be2 Bb7 9. 0-0 Qe8 10. Bh2 e5 11. dxe5 Nxe5 12. Nxe5 dxe5 13. Bf3 e4 14. Be2 Rd8 15. Qc2 Qc6 16. Nb3 Rfe8 17. Rfd1 Nd5 18. Rd2 Bh6 19. Kh1 Qf6 20. Bg3 c5 21. Rad1 Bc6 22. a3 Qe7 23. c4 Nf6 24. Nc1 Bg7 25. Bd6 Qe6 26. b4 cxb4 27. axb4 Nd7 28. b5 Bxb5 29. cxb5 Rc8 30. Qa2 Qxa2 31. Rxa2 Nc5 32. Bxc5 Rxc5 33. Nb3 Rc3 34. Nd4 Rd8 35. Rad2 h5 36. g4 hxg4 37. hxg4 Ra3 38. Nc6 1-0

[Event "Nis op"]
[Site "Nis"]
[Date "2017.07.02"]
[Round "6"]
[White "Atalik, Suat"]
[Black "Ristic, Nebojsa B"]
[Result "1-0"]
[WhiteElo "2525"]
[BlackElo "2306"]
[PlyCount "81"]
[EventDate "2017.06.27"]
[EventType "swiss"]
[EventRounds "9"]
[EventCountry "YUG"]
[SourceTitle "CBM 180"]
[Source "ChessBase"]
[SourceDate "2017.09.13"]
[SourceVersion "1"]
[SourceVersionDate "2017.09.13"]
[SourceQuality "1"]

1. d4 Nf6 2. c4 e6 3. Nc3 Bb4 4. Nf3 b6 5. Bd2 Bb7 6. g3 0-0 7. Bg2 d6 8. 0-0 Nbd7 9. Rc1 Qe7 10. Bg5 Bxc3 11. Rxc3 h6 12. Bc1 Ne4 13. Rc2 c5 14. b3 Rfd8 15. Bb2 Ndf6 16. Qa1 Ng5 17. d5 Nxf3+ 18. exf3 exd5 19. Re1 Qf8 20. Bxf6 gxf6 21. f4 Re8 22. Rd1 Qe7 23. Bxd5 Bxd5 24. Rxd5 Qe1+ 25. Qxe1 Rxe1+ 26. Kg2 Rd8 27. Rcd2 Ra1 28. Kf3 Kg7 29. Kg4 Kg6 30. h4 Rd7 31. h5+ Kg7 32. Kf5 Rd8 33. R5d3 Rd7 34. Re3 Rh1 35. g4 Rg1 36. Re8 Ra1 37. Rde2 d5 38. Rc8 dxc4 39. bxc4 Rad1 40. Ree8 R7d5+ 41. cxd5 1-0

[Event "Nis op"]
[Site "Nis"]
[Date "2017.07.01"]
[Round "5"]
[White "Markovic, Miroslav"]
[Black "Ristic, Nebojsa B"]
[Result "1/2-1/2"]
[WhiteElo "2462"]
[BlackElo "2306"]
[PlyCount "128"]
[EventDate "2017.06.27"]
[EventType "swiss"]
[EventRounds "9"]
[EventCountry "YUG"]
[SourceTitle "CBM 179 Extra"]
[Source "ChessBase"]
[SourceDate "2017.08.23"]
[SourceVersion "1"]
[SourceVersionDate "2017.08.23"]
[SourceQuality "1"]

1. e4 Nf6 2. d3 e5 3. Nf3 Nc6 4. Be2 d5 5. Nbd2 Be7 6. 0-0 0-0 7. c3 h6 8. Re1 a6 9. exd5 Nxd5 10. Nc4 Bf6 11. a4 Re8 12. h3 Bf5 13. Bf1 e4 14. dxe4 Bxe4 15. Nfd2 Bg6 16. Nb3 Rxe1 17. Qxe1 Qf8 18. Ne3 Re8 19. Qd1 Nxe3 20. Bxe3 Be7 21. Qf3 Bd6 22. Nd2 Bc5 23. Bf4 Bd6 24. b4 Bxf4 25. Qxf4 Qe7 26. b5 Nb8 27. Nf3 Qc5 28. Qd2 Bf5 29. Nd4 axb5 30. axb5 Nd7 31. g4 Be4 32. Re1 Nf6 33. Nb3 Qd5 34. Qb2 h5 35. c4 Qg5 36. Qd2 Qh4 37. Qf4 hxg4 38. Nd2 Qh7 39. Nxe4 Rxe4 40. Rxe4 Qxe4 41. Qxc7 g6 42. c5 gxh3 43. Qc8+ Kg7 44. Qxh3 Qe5 45. Qe3 Qxe3 46. fxe3 Ne4 47. c6 bxc6 48. bxc6 Nd6 49. c7 Kf6 50. Ba6 Ke5 51. c8Q Nxc8 52. Bxc8 f5 53. Bb7 f4 54. e4 g5 55. Kf2 g4 56. Ke2 Kd4 57. Bc6 Ke5 58. Kd3 g3 59. Ke2 g2 60. Kf2 f3 61. Bb7 Kf4 62. e5 g1Q+ 63. Kxg1 f2+ 64. Kxf2 Kxe5 1/2-1/2

[Event "Nis op"]
[Site "Nis"]
[Date "2017.06.30"]
[Round "4"]
[White "Ristic, Nebojsa B"]
[Black "Stefanov, Emil"]
[Result "1-0"]
[WhiteElo "2306"]
[BlackElo "2469"]
[PlyCount "153"]
[EventDate "2017.06.27"]
[EventType "swiss"]
[EventRounds "9"]
[EventCountry "YUG"]
[SourceTitle "CBM 179 Extra"]
[Source "ChessBase"]
[SourceDate "2017.08.23"]
[SourceVersion "1"]
[SourceVersionDate "2017.08.23"]
[SourceQuality "1"]

1. d4 g6 2. Bf4 Bg7 3. Nf3 d6 4. e3 Nd7 5. c3 e5 6. dxe5 dxe5 7. Bg5 f6 8. Bh4 Qe7 9. e4 Nh6 10. Bc4 Nf7 11. Nbd2 0-0 12. 0-0 Nb6 13. Bb3 Be6 14. Bxe6 Qxe6 15. Qb3 Qc6 16. Rfe1 Kh8 17. Nf1 h5 18. h3 Rae8 19. N3d2 f5 20. exf5 gxf5 21. Ng3 Nh6 22. Nxh5 Rg8 23. f3 Qg6 24. Nxg7 Rxg7 25. Re2 Nd7 26. g4 Qh5 27. Bg3 fxg4 28. hxg4 Nxg4 29. fxg4 Rxg4 30. Nf1 Kg7 31. Rh2 Qg6 32. Qc2 e4 33. Rg2 Nf6 34. Bf4 Nd5 35. Be3 Kf7 36. Qf2+ Ke6 37. Rxg4 Qxg4+ 38. Qg2 Qf5 39. Re1 Nf6 40. Ng3 Qg4 41. Ne2 Rg8 42. Qxg4+ Nxg4 43. Nd4+ Kd5 44. Kf1 Ne5 45. b3 Nd3 46. Re2 c5 47. c4+ Ke5 48. Nc2 Rf8+ 49. Kg1 a6 50. Rg2 b5 51. Rg5+ Rf5 52. Rxf5+ Kxf5 53. Na3 bxc4 54. Nxc4 Ke6 55. Kf1 Kd5 56. Ke2 Nb4 57. a3 Nd3 58. Kd2 Kc6 59. Kc3 Kd5 60. Nb2 Ne5 61. Kd2 Nf3+ 62. Kc2 Ne1+ 63. Kd1 Nf3 64. Na4 Nd4 65. Bxd4 cxd4 66. Kd2 Kc6 67. Nb2 Kc5 68. Kc2 Kd5 69. b4 Ke5 70. Kb3 Kd5 71. a4 e3 72. Kc2 Ke4 73. Nd3 Kd5 74. Kb3 e2 75. Ne1 Ke4 76. Kc4 Ke3 77. b5 1-0

[Event "Nis op"]
[Site "Nis"]
[Date "2017.06.27"]
[Round "1"]
[White "Ristic, Nebojsa B"]
[Black "Ozenir, Ekin Baris"]
[Result "1-0"]
[WhiteElo "2306"]
[BlackElo "2127"]
[PlyCount "75"]
[EventDate "2017.06.27"]
[EventType "swiss"]
[EventRounds "9"]
[EventCountry "YUG"]
[SourceTitle "CBM 179 Extra"]
[Source "ChessBase"]
[SourceDate "2017.08.23"]
[SourceVersion "1"]
[SourceVersionDate "2017.08.23"]
[SourceQuality "1"]

1. d4 Nf6 2. Bf4 e6 3. e3 c5 4. c3 Be7 5. Nf3 0-0 6. Bd3 b6 7. Nbd2 Bb7 8. h3 d6 9. 0-0 Nc6 10. Qe2 Rc8 11. Bh2 Re8 12. e4 Bf8 13. e5 dxe5 14. dxe5 Nd5 15. Ne4 h6 16. Rad1 Qc7 17. a3 Red8 18. c4 Nde7 19. Nd6 Rb8 20. Nb5 Qc8 21. Nd6 Qc7 22. Bb1 a6 23. h4 g6 24. g4 Bg7 25. h5 Ba8 26. Qe3 Na5 27. Nh4 g5 28. Ng2 Nc8 29. Qd3 Nxd6 30. exd6 Qb7 31. f3 Nc6 32. Kh1 Nd4 33. Qh7+ Kf8 34. Be4 Qd7 35. Bxa8 Rxa8 36. f4 gxf4 37. Bxf4 e5 38. Bxh6 1-0

[Event "SRB-chT2 East CS"]
[Site "Kragujevac"]
[Date "2016.10.07"]
[Round "7.3"]
[White "Ristic, Nebojsa B"]
[Black "Panic, Milan"]
[Result "1/2-1/2"]
[WhiteElo "2315"]
[BlackElo "2288"]
[PlyCount "91"]
[EventDate "2016.08.26"]
[EventType "team-tourn"]
[EventRounds "11"]
[EventCountry "SRB"]
[SourceTitle "EXT 2021"]
[Source "ChessBase"]
[SourceDate "2020.10.23"]
[SourceVersion "1"]
[SourceVersionDate "2020.10.23"]
[SourceQuality "1"]

1. d4 d5 2. c4 c6 3. Nf3 Nf6 4. Nc3 dxc4 5. a4 e6 6. e3 c5 7. Bxc4 Nc6 8. 0-0 cxd4 9. exd4 Be7 10. Bf4 0-0 11. d5 exd5 12. Nxd5 Nxd5 13. Qxd5 Be6 14. Qxd8 Nxd8 15. Rac1 Bxc4 16. Rxc4 Ne6 17. Be3 Rac8 18. Rfc1 Rxc4 19. Rxc4 Rd8 20. Kf1 a6 21. Ke2 Bf6 22. b4 Kf8 23. Nd2 b5 24. Rc6 bxa4 25. Rxa6 Bc3 26. Rxa4 Rb8 27. Ne4 Bxb4 28. g4 Be7 29. f4 Nc7 30. f5 Rb4 31. Rxb4 Bxb4 32. Kd3 f6 33. Kc4 Be7 34. Bb6 Ne8 35. Kd5 Kf7 36. Be3 g6 37. Bf4 Ng7 38. Ng3 Bb4 39. Ke4 Be1 40. Ne2 h5 41. h3 hxg4 42. hxg4 Bb4 43. Nd4 gxf5+ 44. gxf5 Ne8 45. Ne6 Bd6 46. Be3 1/2-1/2

[Event "Skopje Alkaloid rap op"]
[Site "Skopje"]
[Date "2015.12.06"]
[Round "6"]
[White "Ristic, Nebojsa B"]
[Black "Drenchev, Petar"]
[Result "1/2-1/2"]
[WhiteElo "2315"]
[BlackElo "2480"]
[PlyCount "60"]
[EventDate "2015.12.06"]
[EventType "swiss (rapid)"]
[EventRounds "9"]
[EventCountry "MKD"]
[SourceTitle "CBM 169 Extra"]
[Source "ChessBase"]
[SourceDate "2015.12.18"]
[SourceVersion "1"]
[SourceVersionDate "2015.12.18"]
[SourceQuality "1"]

1. d4 Nf6 2. Nf3 g6 3. Bg5 Bg7 4. Nbd2 0-0 5. e3 d6 6. Be2 c5 7. c3 Nc6 8. 0-0 Qc7 9. h3 b6 10. a4 Bb7 11. Qb3 Rfe8 12. Qa3 e5 13. dxe5 Nxe5 14. Nxe5 dxe5 15. Rfd1 Rad8 16. Bh4 h6 17. a5 Re6 18. axb6 axb6 19. Qb3 Red6 20. Nc4 Rxd1+ 21. Rxd1 Rxd1+ 22. Bxd1 Nd7 23. Bg4 Bd5 24. Bxd7 Bxc4 25. Qxc4 Qxd7 26. b4 cxb4 27. Qxb4 b5 28. c4 bxc4 29. Qxc4 Kh7 30. e4 Qd8 1/2-1/2

[Event "Skopje Alkaloid rap op"]
[Site "Skopje"]
[Date "2015.12.06"]
[Round "9"]
[White "Zlatanovic, Boroljub"]
[Black "Ristic, Nebojsa B"]
[Result "1-0"]
[WhiteElo "2371"]
[BlackElo "2315"]
[PlyCount "143"]
[EventDate "2015.12.06"]
[EventType "swiss (rapid)"]
[EventRounds "9"]
[EventCountry "MKD"]
[SourceTitle "CBM 169 Extra"]
[Source "ChessBase"]
[SourceDate "2015.12.18"]
[SourceVersion "1"]
[SourceVersionDate "2015.12.18"]
[SourceQuality "1"]

1. Nc3 d5 2. e4 dxe4 3. Nxe4 Nd7 4. Nf3 Ngf6 5. Ng3 e6 6. d4 c5 7. Be2 b6 8. 0-0 Bb7 9. b3 cxd4 10. Nxd4 Bc5 11. Bb2 0-0 12. Bf3 Bxf3 13. Nxf3 Qc7 14. c4 Rfd8 15. Qe2 Nf8 16. Ne5 Bd4 17. Rad1 Bxb2 18. Qxb2 Rxd1 19. Rxd1 Rd8 20. Rxd8 Qxd8 21. h3 Qd1+ 22. Kh2 N8d7 23. Nf3 h6 24. Qd4 Qc2 25. Qd2 Qb1 26. Nd4 Ne5 27. Nb5 a6 28. Nc3 Qa1 29. Nge2 Ned7 30. Qc1 Qxc1 31. Nxc1 Kf8 32. Nd3 Ke7 33. Kg3 Kd6 34. Kf4 Nc5 35. Nb2 e5+ 36. Ke3 Ne6 37. Nd3 Nd7 38. Ne4+ Ke7 39. Nb4 f5 40. Nc6+ Kf7 41. Nd6+ Kf6 42. g3 g5 43. b4 Nc7 44. g4 f4+ 45. Kd3 Nf8 46. a4 Nfe6 47. Ne4+ Kf7 48. Nxe5+ Ke7 49. Nc6+ Kd7 50. Nd4 Ng7 51. Nf6+ Kd6 52. Ng8 h5 53. Nf6 hxg4 54. hxg4 Ke5 55. Nd7+ Kd6 56. Nxb6 Nge8 57. c5+ Ke5 58. Nc4+ Kd5 59. Nb6+ Ke5 60. Nf3+ Kf6 61. Kc4 Kg6 62. b5 Nf6 63. Ne5+ Kg7 64. f3 axb5+ 65. axb5 Ne6 66. Nd5 Ne8 67. b6 Nd8 68. c6 Ne6 69. b7 Nd6+ 70. Kb4 Nd8 71. b8Q Nxc6+ 72. Nxc6 1-0

[Event "Nis Pantelej op 2nd"]
[Site "Nis"]
[Date "2014.08.06"]
[Round "5"]
[White "Ristic, Nebojsa B"]
[Black "Arandjelovic, Aleksandar Z"]
[Result "1/2-1/2"]
[WhiteElo "2287"]
[BlackElo "2064"]
[PlyCount "76"]
[EventDate "2014.08.03"]
[EventType "swiss"]
[EventRounds "9"]
[EventCountry "SRB"]
[SourceTitle "CBM 162 Extra"]
[Source "ChessBase"]
[SourceDate "2014.10.17"]
[SourceVersion "1"]
[SourceVersionDate "2014.10.17"]
[SourceQuality "1"]

1. d4 Nf6 2. Nf3 g6 3. Bg5 Ne4 4. Bf4 d6 5. Nbd2 Nf6 6. e4 Bg7 7. Bd3 0-0 8. h3 Nc6 9. c3 e5 10. Be3 a5 11. d5 Ne7 12. g4 Bd7 13. Nf1 c6 14. c4 b5 15. g5 Nh5 16. dxc6 Nxc6 17. cxb5 Nd4 18. Ng3 Nf4 19. Nxd4 Ng2+ 20. Kf1 Nxe3+ 21. fxe3 exd4 22. exd4 Qxg5 23. Qf3 Bxd4 24. h4 Qe5 25. Ne2 f5 26. Ke1 Bxb2 27. Rb1 Rae8 28. exf5 Bd4 29. Kd1 Bb6 30. Qf4 Bxf5 31. Qxe5 Rxe5 32. Bxf5 Rfxf5 33. Nc3 Re3 34. Na4 Rd5+ 35. Kc2 Re2+ 36. Kc3 Re3+ 37. Kc2 Re2+ 38. Kc3 Re3+ 1/2-1/2